| Tag |
First Indicator |
Second Indicator |
Subfields |
| LEADER |
00000cam a2200000 a 4500 |
| 001 |
in00000073063 |
| 005 |
20151008060029.0 |
| 008 |
810917s1982 nyu b 00100 eng |
| 010 |
|
|
|a 81007197
|
| 020 |
|
|
|a 0898620511
|
| 035 |
|
|
|a (OCoLC)07836220
|
| 035 |
|
|
|9 AAJ5002AM
|
| 039 |
0 |
|
|a 2
|b 3
|c 3
|d 3
|e 3
|
| 040 |
|
|
|a DLC
|c DLC
|d CUX
|d TXA
|d UtOrBLW
|
| 049 |
|
|
|a TXAM
|c [952093]
|
| 050 |
0 |
0 |
|a HQ728
|b .N83 1982
|
| 082 |
0 |
|
|a 306.8
|2 19
|
| 245 |
0 |
0 |
|a Normal family processes /
|c edited by Froma Walsh ; foreword by Roy R. Grinker, Sr.
|
| 264 |
|
1 |
|a New York :
|b Guilford Press,
|c [1982]
|
| 264 |
|
4 |
|c ©1982
|
| 300 |
|
|
|a xxi, 486 pages ;
|c 25 cm.
|
| 336 |
|
|
|a text
|b txt
|2 rdacontent
|
| 337 |
|
|
|a unmediated
|b n
|2 rdamedia
|
| 338 |
|
|
|a volume
|b nc
|2 rdacarrier
|
| 490 |
1 |
|
|a The Guilford family therapy series
|
| 504 |
|
|
|a Includes bibliographies and indexes.
|
| 650 |
|
0 |
|a Families
|x Research.
|
| 650 |
|
2 |
|a Family.
|
| 700 |
1 |
|
|a Walsh, Froma.
|
| 830 |
|
0 |
|a Guilford family therapy series.
|
| 999 |
|
|
|a MARS
|
| 999 |
f |
f |
|s e2d49b5a-7931-3817-93ba-f680a1493f8c
|i c033b4cb-d3b8-3cdf-a68d-b2c7f1cc1c95
|t 0
|
| 952 |
f |
f |
|p ric
|a Texas A&M University
|b Rellis Campus
|c Joint Library Facility
|d Remote Storage
|t 0
|e HQ728 .N83 1982
|h Library of Congress classification
|i unmediated -- volume
|m A14806142132
|
| 998 |
f |
f |
|a HQ728 .N83 1982
|t 0
|l Remote Storage
|